000 00659cab a2200217 4500
001 WB3106-42
008 090401t1995 xxu||||| |||| 00| 0 eng d
035 _a(Sirsi) u72429
041 _aeng
245 _aCross-London rail travel
260 _c1995
350 _a0
490 _aEvening Standard
_v8 February 1995, 6(1)
520 _aRailtrack and British Rail are to work together on the Thameslink 2000 project to improve cross-London rail travel. The scheme is estimated to cost £570m.
650 _aLONDON
650 _aRAILWAYS
650 _aTHAMESLINK 2000
690 _aTRANSPORT AND COMMUNICATIONS
942 _n0
948 _c04/03/1997
999 _c45762
_d45762